[Event "Montcalm IV 2013-14"]
[Site "Quebec CAN"]
[Date "2014.01.30"]
[Round "4"]
[White "Dube, Daniel"]
[Black "Bluteau, Yvon"]
[Result "1-0"]
[WhiteElo "1801"]
[BlackElo "1847"]
[PlyCount "159"]
[EventDate "2014.01.09"]
[EventType "tourn"]
[EventRounds "5"]
[EventCountry "CAN"]

1. e4 e5 2. Nf3 Nc6 3. Bb5 Bc5 4. c3 a6 5. Bxc6 bxc6 6. d4 exd4 7. cxd4 Bb4+ 8.
Nc3 Ne7 9. O-O O-O 10. Bg5 Qe8 11. a3 Bxc3 12. bxc3 h6 13. Bf4 Ng6 14. Bxc7
Qxe4 15. Re1 Qd5 16. Qa4 Qb5 17. Qc2 Qc4 18. Rab1 a5 19. Ne5 Nxe5 20. Rxe5 d5
21. Bd6 Rd8 22. Re3 Ba6 23. Be5 Re8 24. Rg3 Rxe5 25. dxe5 d4 26. Qe4 d3 27.
Qxc4 Bxc4 28. Rg4 Be6 29. Rd4 Bf5 30. g4 c5 31. Rd6 Bxg4 32. Rb5 c4 33. Kg2 Bf5
34. Kf3 Be6 35. Ke3 g5 36. Rdb6 Kg7 37. Rb8 Ra7 38. R8b7 Ra8 39. Kd2 Kg6 40.
Rb8 Ra7 41. Rd8 h5 42. Ke3 h4 43. f4 gxf4+ 44. Kxf4 Kg7 45. Rbb8 f6 46. exf6+
Kxf6 47. Rf8+ Kg7 48. Rfd8 Kf6 49. Rb6 Ke7 50. Rdd6 Bf7 51. Kg4 a4 52. Kxh4 Bg8
53. Rg6 Bf7 54. Rgd6 Bg8 55. Kg3 Bf7 56. Rd4 Kf8 57. h4 Re7 58. Rb8+ Kg7 59.
Ra8 Rb7 60. Rxa4 Rb3 61. Rg4+ Kf6 62. Rf4+ Ke6 63. Ra6+ Kd5 64. Rxf7 Rxc3 65.
Rd7+ Kc5 66. Kf2 Rc2+ 67. Ke1 Rh2 68. Rh6 Ra2 69. Rh5+ Kc6 70. Rd4 Ra1+ 71. Kd2
Ra2+ 72. Ke3 Re2+ 73. Kf3 Rc2 74. Rhd5 Rc3 75. h5 Rxa3 76. h6 Ra7 77. Rh5 Rf7+
78. Kg4 Rd7 79. Rxc4+ Kb6 80. Rc1 1-0

[Event "Montcalm IV 2013-14"]
[Site "Quebec CAN"]
[Date "2014.01.30"]
[Round "4"]
[White "Dumont, Eric"]
[Black "Ripoll, Arthur"]
[Result "1/2-1/2"]
[WhiteElo "1652"]
[BlackElo "1677"]
[PlyCount "54"]
[EventDate "2014.01.09"]
[EventType "tourn"]
[EventRounds "5"]
[EventCountry "CAN"]

1. d4 d5 2. Bf4 Nf6 3. Nf3 e6 4. e3 c5 5. c3 Qb6 6. Qb3 Nc6 7. Nbd2 Be7 8. h3
O-O 9. Be2 h6 10. Ne5 Nd7 11. Ndf3 cxd4 12. exd4 Qxb3 13. axb3 Bf6 14. Bb5
Ncxe5 15. Nxe5 Nxe5 16. dxe5 Be7 17. Be3 a6 18. b4 Rb8 19. Ba7 Ra8 20. Bb6 f6
21. Bc7 fxe5 22. Bxe5 Kh8 23. O-O Bf6 24. Bd6 Rd8 25. Bc7 Rf8 26. Bd6 Rd8 27.
Bc7 Rf8 1/2-1/2

[Event "Montcalm IV 2013-14"]
[Site "Quebec CAN"]
[Date "2014.01.30"]
[Round "4"]
[White "Marquis, Paul"]
[Black "Bonneau, Daniel"]
[Result "1-0"]
[WhiteElo "2009"]
[BlackElo "2026"]
[PlyCount "51"]
[EventDate "2014.01.09"]
[EventType "tourn"]
[EventRounds "5"]
[EventCountry "CAN"]

1. c4 Nf6 2. Nc3 g6 3. e4 d6 4. g3 Bg7 5. Bg2 O-O 6. Nge2 e5 7. d3 c6 8. O-O
Be6 9. h3 Qd7 10. Kh2 d5 11. cxd5 cxd5 12. Bg5 d4 13. Bxf6 dxc3 14. Bxg7 cxb2
15. Bxe5 bxa1=Q 16. Qxa1 Nc6 17. Bg7 Rfe8 18. Bh6 f6 19. Qxf6 Bxa2 20. Qb2 Qf7
21. f4 Be6 22. f5 gxf5 23. exf5 Bd7 24. Bd5 Rxe2+ 25. Qxe2 Qxd5 26. Qg4+ 1-0

[Event "Montcalm IV 2013-14"]
[Site "Quebec CAN"]
[Date "2014.02.06"]
[Round "5"]
[White "Boulianne, Gabriel"]
[Black "Dube, Daniel"]
[Result "0-1"]
[WhiteElo "1788"]
[BlackElo "1709"]
[PlyCount "52"]
[EventDate "2014.01.09"]
[EventType "tourn"]
[EventRounds "5"]
[EventCountry "CAN"]

1. d4 d5 2. Nf3 Nc6 3. Bf4 Bg4 4. Ne5 Nxe5 5. Bxe5 e6 6. c4 c6 7. Qa4 Qb6 8.
cxd5 Qxb2 9. dxc6 Bb4+ 10. Kd1 Rd8 11. c7+ Ke7 12. cxd8=Q+ Kxd8 13. Qxa7 f6 14.
Qb6+ Ke8 15. Bd6 Bf5 16. Qb5+ Kf7 17. Qxb7+ Kg6 18. e4 Qxd4+ 19. Kc1 Bxd6 20.
exf5+ exf5 21. Qb2 Bf4+ 22. Nd2 Qxf2 23. Bd3 Ne7 24. Kd1 Rd8 25. Qc2 Nd5 26.
Bxf5+ Kh6 0-1

[Event "Montcalm V 2013-14"]
[Site "Quebec CAN"]
[Date "2014.02.13"]
[Round "1"]
[White "Bonneau, Daniel"]
[Black "Hebert, Andre jr"]
[Result "1-0"]
[WhiteElo "2026"]
[BlackElo "1593"]
[PlyCount "99"]
[EventDate "2014.02.13"]
[EventType "swiss"]
[EventRounds "5"]
[EventCountry "CAN"]

1. e4 Nf6 2. Nc3 d5 3. exd5 Nxd5 4. Bc4 c6 5. Qf3 e6 6. Nge2 Nd7 7. d4 Bb4 8.
O-O O-O 9. Ne4 N7b6 10. Bd3 f5 11. N4g3 Be7 12. c3 g5 13. h3 Kh8 14. Bc2 Bd7
15. Qd3 Be8 16. f4 Bg6 17. Rf2 gxf4 18. Nxf4 Nxf4 19. Bxf4 Nd5 20. Be5+ Bf6 21.
Qe2 Kg8 22. Bxf6 Qxf6 23. Re1 Rae8 24. Ne4 Qd8 25. Nc5 e5 26. dxe5 Qb6 27. Nd7
Qxb2 28. Nxf8 Rxf8 29. Bb3 Qxc3 30. Qd2 Qc5 31. Rc1 Qb5 32. Bxd5+ cxd5 33. Rc7
Rf7 34. Rxf7 Kxf7 35. g4 Qb1+ 36. Kh2 Ke6 37. gxf5+ Bxf5 38. Qh6+ Kxe5 39. Qg7+
Ke6 40. Qg8+ Ke5 41. Qe8+ Kf6 42. Qd8+ Ke5 43. Qe7+ Kd4 44. Qf6+ Kc4 45. Qxf5
Qxf5 46. Rxf5 d4 47. Kg2 Kc3 48. Kf2 Kc2 49. Ke1 d3 50. Rc5+ 1-0

[Event "Montcalm V 2013-14"]
[Site "Quebec CAN"]
[Date "2014.02.13"]
[Round "1"]
[White "Courtemanche, Marc-Andre"]
[Black "Lessard, Claude"]
[Result "0-1"]
[WhiteElo "2061"]
[BlackElo "1650"]
[PlyCount "66"]
[EventDate "2014.02.13"]
[EventType "swiss"]
[EventRounds "5"]
[EventCountry "CAN"]

1. e4 c6 2. d4 d5 3. e5 c5 4. c3 Nc6 5. Nf3 Bg4 6. Be2 e6 7. O-O Bxf3 8. Bxf3
cxd4 9. cxd4 Qb6 10. Nc3 Qxd4 11. Qxd4 Nxd4 12. Bd1 a6 13. Be3 Nc6 14. Ba4 Nge7
15. Rac1 Rc8 16. g4 g6 17. b4 Bg7 18. f4 O-O 19. Bc5 Rfd8 20. h4 f6 21. Bxc6
Nxc6 22. b5 axb5 23. Nxb5 fxe5 24. Nd6 Rxd6 25. Bxd6 exf4 26. Rxf4 e5 27. Rf2
Rd8 28. Bc7 Rd7 29. Bb6 d4 30. h5 Bh6 31. Rf6 Bxc1 32. Bc5 Kg7 33. Rf1 Be3+ 0-1

[Event "Montcalm V 2013-14"]
[Site "Quebec CAN"]
[Date "2014.02.13"]
[Round "1"]
[White "Ripoll, Arthur"]
[Black "Chabot, Sebastien"]
[Result "1-0"]
[WhiteElo "1689"]
[BlackElo "1094"]
[PlyCount "43"]
[EventDate "2014.02.13"]
[EventType "swiss"]
[EventRounds "5"]
[EventCountry "CAN"]

1. e4 e5 2. Nf3 Nf6 3. Nxe5 Nxe4 4. Nc3 Nxf2 5. Kxf2 Qf6+ 6. Nf3 Bc5+ 7. d4
Bxd4+ 8. Qxd4 Qxd4+ 9. Nxd4 O-O 10. Bc4 d6 11. Nd5 Na6 12. Bxa6 bxa6 13. Nxc7
Rb8 14. Nc6 Rb6 15. Ne7+ Kh8 16. Nxc8 Rb4 17. Nd5 Rd4 18. Nce7 f5 19. Be3 Rc4
20. Nf4 Re8 21. Nxf5 Re6 22. Nxe6 1-0

[Event "Montcalm V 2013-14"]
[Site "Quebec CAN"]
[Date "2014.02.13"]
[Round "1"]
[White "Theriault, Francis"]
[Black "Marquis, Paul"]
[Result "1/2-1/2"]
[WhiteElo "1538"]
[BlackElo "2009"]
[PlyCount "89"]
[EventDate "2014.02.13"]
[EventType "swiss"]
[EventRounds "5"]
[EventCountry "CAN"]

1. e4 d6 2. d4 Nf6 3. Nc3 g6 4. Nf3 Bg7 5. Bd3 O-O 6. h3 a6 7. Qe2 Nc6 8. e5
dxe5 9. dxe5 Nd5 10. Nxd5 Qxd5 11. Bc4 Qd7 12. Bd2 b5 13. Bb3 Nd8 14. a4 Rb8
15. axb5 axb5 16. O-O c5 17. c3 c4 18. Bc2 Bb7 19. Bf4 Ne6 20. Bg3 Qc6 21. Rfd1
Ra8 22. Ne1 Rxa1 23. Rxa1 Ra8 24. Rxa8+ Bxa8 25. f3 Qc5+ 26. Kf1 b4 27. Be4
Bxe4 28. Qxe4 b3 29. f4 Qb5 30. Bf2 Bh6 31. g3 Qa4 32. Qe2 Qa1 33. Be3 Bg7 34.
Kf2 Nc7 35. Qd2 Nb5 36. Qc1 Qxc1 37. Bxc1 f6 38. Nf3 fxe5 39. Nxe5 Bxe5 40.
fxe5 Kf7 41. Ke3 Ke6 42. Ke4 h5 43. h4 Nc7 44. Bf4 Nd5 45. Bc1 1/2-1/2

[Event "Montcalm V 2013-14"]
[Site "Quebec CAN"]
[Date "2014.02.20"]
[Round "2"]
[White "Auger, Bertrand"]
[Black "Ripoll, Arthur"]
[Result "1-0"]
[WhiteElo "1969"]
[BlackElo "1689"]
[PlyCount "85"]
[EventDate "2014.02.13"]
[EventType "swiss"]
[EventRounds "5"]
[EventCountry "CAN"]

1. Nf3 d5 2. g3 Nf6 3. Bg2 e6 4. O-O c5 5. c4 Nc6 6. cxd5 exd5 7. d4 cxd4 8.
Nxd4 Nxd4 9. Qxd4 Be6 10. Bg5 Be7 11. Nc3 h6 12. Bf4 Qd7 13. Rfd1 O-O 14. Nxd5
Nxd5 15. Bxd5 Rfd8 16. e4 b6 17. Qc4 Rac8 18. Qb3 Bxd5 19. Rxd5 Qg4 20. Qd3 Re8
21. Kg2 Rc6 22. Rd7 a5 23. Rxe7 Rxe7 24. Qd8+ Kh7 25. Qxe7 Re6 26. Qd7 Qg6 27.
Re1 Rf6 28. Kf1 Qh5 29. h4 Qf3 30. Re3 Qh1+ 31. Ke2 Qc1 32. Qd2 Qh1 33. e5 Rc6
34. Rc3 Re6 35. Qd3+ g6 36. Rc1 Qh3 37. Rc7 Kg7 38. Qf3 Qf5 39. Be3 Rxe5 40.
Qxf5 Rxf5 41. Bd4+ Kf8 42. Bxb6 Rb5 43. Bd4 1-0

[Event "Montcalm V 2013-14"]
[Site "Quebec CAN"]
[Date "2014.02.20"]
[Round "2"]
[White "Boulianne, Gabriel"]
[Black "Plante, Rejean"]
[Result "0-1"]
[WhiteElo "1793"]
[BlackElo "1992"]
[PlyCount "100"]
[EventDate "2014.02.13"]
[EventType "swiss"]
[EventRounds "5"]
[EventCountry "CAN"]

1. e4 c5 2. Nf3 e6 3. d4 cxd4 4. Nxd4 Nf6 5. Nc3 d6 6. Bb5+ Bd7 7. Bxd7+ Nbxd7
8. Be3 a6 9. O-O Be7 10. f4 O-O 11. Qf3 Rc8 12. g4 Nb6 13. g5 Nfd7 14. h4 Nc4
15. Nde2 Nxe3 16. Qxe3 d5 17. Qd2 dxe4 18. Nxe4 Qb6+ 19. Kh2 Rfd8 20. N2c3 Nc5
21. Qg2 Nxe4 22. Nxe4 Qxb2 23. Rab1 Qxa2 24. Rxb7 Rxc2 25. Rf2 Rxf2 26. Qxf2
Qxf2+ 27. Nxf2 Bf8 28. Ng4 Ra8 29. h5 a5 30. h6 a4 31. Rb1 a3 32. Kg3 a2 33.
Ra1 Ra3+ 34. Kg2 Bd6 35. Ne5 Bxe5 36. fxe5 gxh6 37. gxh6 f6 38. exf6 Kf7 39.
Kg1 Kxf6 40. Kf1 Kg6 41. Ke2 Kxh6 42. Kd2 Kg5 43. Rg1+ Kf4 44. Rf1+ Ke4 45.
Re1+ Kd4 46. Ra1 e5 47. Kc2 e4 48. Rd1+ Ke3 49. Ra1 Kf2 50. Kb2 Ra7 0-1

[Event "Montcalm V 2013-14"]
[Site "Quebec CAN"]
[Date "2014.02.20"]
[Round "2"]
[White "Cummins, Paul"]
[Black "Biakolo, Lima"]
[Result "0-1"]
[WhiteElo "1810"]
[BlackElo "2011"]
[PlyCount "106"]
[EventDate "2014.02.13"]
[EventType "swiss"]
[EventRounds "5"]
[EventCountry "CAN"]

1. d4 Nf6 2. c4 e5 3. dxe5 Ng4 4. Nf3 Bc5 5. e3 Nc6 6. a3 a5 7. Nc3 Ngxe5 8.
Nxe5 Nxe5 9. Qh5 d6 10. h3 O-O 11. Bd2 Be6 12. b3 f5 13. O-O-O Bxa3+ 14. Kc2 c6
15. f4 Nd7 16. Bc1 Bxc1 17. Rxc1 Nf6 18. Qf3 d5 19. cxd5 Nxd5 20. Nxd5 Bxd5 21.
Bc4 a4 22. Bxd5+ cxd5 23. Rhd1 axb3+ 24. Kd2 Qa5+ 25. Ke2 Qb5+ 26. Kf2 b2 27.
Rb1 Ra1 28. Kg3 Rxb1 29. Rxb1 Ra8 30. Qf2 Ra2 31. Qc2 Qc4 32. Qxf5 h6 33. h4
Qc6 34. h5 b5 35. Qd3 b4 36. Qg6 Qd7 37. Qb6 Qf5 38. Qg6 Qf7 39. Qxf7+ Kxf7 40.
f5 Kf6 41. Kf4 b3 42. g4 Ra4+ 43. Kf3 Kg5 44. Rxb2 Rb4 45. Kg3 Rxg4+ 46. Kf3
Rb4 47. Ke2 Kxf5 48. Kd3 Ke5 49. Kc3 Rb7 50. Kd3 Rb5 51. Kc3 Ke4 52. Kd2 d4 53.
exd4 Kxd4 0-1

[Event "Montcalm V 2013-14"]
[Site "Quebec CAN"]
[Date "2014.02.20"]
[Round "2"]
[White "Dube, Daniel"]
[Black "Bonneau, Daniel"]
[Result "1-0"]
[WhiteElo "1801"]
[BlackElo "2026"]
[PlyCount "85"]
[EventDate "2014.02.13"]
[EventType "swiss"]
[EventRounds "5"]
[EventCountry "CAN"]

1. e4 d6 2. d4 Nf6 3. Nc3 g6 4. g3 Bg7 5. Bg2 O-O 6. Nge2 c6 7. h3 e5 8. Be3
Qc7 9. Qd2 Nbd7 10. O-O Re8 11. f4 b5 12. dxe5 dxe5 13. f5 Nb6 14. fxg6 fxg6
15. b3 Be6 16. Bg5 Nfd7 17. Rad1 Bf8 18. Kh2 Nc8 19. Nd5 cxd5 20. exd5 Bf7 21.
Rxf7 Kxf7 22. d6 Qxd6 23. Bd5+ Kg7 24. Bxa8 Qxd2 25. Rxd2 Nb8 26. Rd8 Rxd8 27.
Bxd8 Bd6 28. Nc3 a6 29. Nd5 Kf7 30. Nc7 Nb6 31. Bb7 N8d7 32. Nxa6 Ke8 33. Bxb6
Nxb6 34. Bc6+ Ke7 35. Bxb5 Ke6 36. c4 e4 37. c5 Nd5 38. Bc4 Ke5 39. cxd6 Kxd6
40. Bxd5 Kxd5 41. Kg2 Kd4 42. Kf2 Kd3 43. Ke1 1-0

[Event "Montcalm V 2013-14"]
[Site "Quebec CAN"]
[Date "2014.02.27"]
[Round "3"]
[White "Lessard, Claude"]
[Black "Dumont, Eric"]
[Result "1/2-1/2"]
[WhiteElo "2061"]
[BlackElo "1652"]
[PlyCount "82"]
[EventDate "2014.02.13"]
[EventType "swiss"]
[EventRounds "5"]
[EventCountry "CAN"]

1. d4 d5 2. c4 c6 3. Nf3 Nf6 4. Nc3 e6 5. e3 Bd6 6. Bd3 dxc4 7. Bxc4 Nbd7 8.
O-O O-O 9. b3 e5 10. Bb2 exd4 11. exd4 Nb6 12. h3 Nxc4 13. bxc4 Bf5 14. Re1 Qc7
15. Ne5 Rae8 16. f4 Qc8 17. Qf3 Bb4 18. a3 Ba5 19. g4 Bxc3 20. Bxc3 Be4 21. Qg3
Rd8 22. g5 Nh5 23. Qh4 Bg6 24. Rf1 Qf5 25. Rab1 Nxf4 26. Qxf4 Qxf4 27. Rxf4
Bxb1 28. Rf2 f6 29. gxf6 Rxf6 30. Rb2 Be4 31. Rxb7 Rdf8 32. Bb4 Rf1+ 33. Kh2
Rh1+ 34. Kg3 Rg1+ 35. Kh4 Rf4+ 36. Ng4 h5 37. Kxh5 Bf3 38. Kg5 Rf7 39. Rb8+ Kh7
40. Bc5 g6 41. Kh4 Bxg4 1/2-1/2

[Event "Montcalm V 2013-14"]
[Site "Quebec CAN"]
[Date "2014.02.27"]
[Round "3"]
[White "Plante, Rejean"]
[Black "Sarra-Bournet, Marc"]
[Result "0-1"]
[WhiteElo "1992"]
[BlackElo "1827"]
[PlyCount "88"]
[EventDate "2014.02.13"]
[EventType "swiss"]
[EventRounds "5"]
[EventCountry "CAN"]

1. d4 d5 2. Nf3 Nf6 3. Bf4 e6 4. e3 Be7 5. c4 O-O 6. Nc3 b6 7. Bd3 Bb7 8. cxd5
exd5 9. Qc2 Na6 10. a3 c5 11. Be5 h6 12. h3 cxd4 13. exd4 Nc7 14. Rc1 Nce8 15.
O-O Nd6 16. Rfe1 Rc8 17. Qe2 Nfe4 18. Bxd6 Bxd6 19. Bxe4 dxe4 20. Nd2 Bf4 21.
Rcd1 f5 22. Nf1 Bd6 23. Ne3 f4 24. Ned5 Bxa3 25. Qxe4 Bd6 26. Qe6+ Kh8 27. Nb5
Bxd5 28. Qxd5 Bb8 29. Qe4 a6 30. Nc3 Qg5 31. Qf3 Rfe8 32. Re4 Rxe4 33. Qxe4 Rd8
34. Re1 Bd6 35. Qc6 b5 36. Qxa6 f3 37. g4 Qf4 38. Re5 Bxe5 39. dxe5 Qc1+ 40.
Kh2 Qf1 41. Kg3 Qg2+ 42. Kf4 Qxf2 43. Qxb5 Rf8+ 44. Ke4 Qe1+ 0-1

[Event "Montcalm V 2013-14"]
[Site "Quebec CAN"]
[Date "2014.03.06"]
[Round "4"]
[White "Boulianne, Gabriel"]
[Black "Cote, Jean-Francois"]
[Result "1-0"]
[WhiteElo "1793"]
[BlackElo "1191"]
[PlyCount "57"]
[EventDate "2014.02.13"]
[EventType "swiss"]
[EventRounds "5"]
[EventCountry "CAN"]

1. e4 e5 2. Nf3 Nc6 3. Bc4 Bc5 4. c3 Nf6 5. O-O O-O 6. d4 exd4 7. cxd4 Be7 8.
d5 Na5 9. Bd3 d6 10. b4 c6 11. bxa5 Qxa5 12. Bb2 cxd5 13. Nc3 dxe4 14. Nxe4 Qd8
15. Qc2 Nxe4 16. Bxe4 f5 17. Bd5+ Kh8 18. Qd2 Bf6 19. Nd4 Be5 20. Be6 Bxd4 21.
Qxd4 Rf6 22. Rfe1 Rg6 23. Bf7 Rg4 24. Qxd6 Bd7 25. Rad1 Rxg2+ 26. Kxg2 Bc6+ 27.
Kg1 Qg5+ 28. Qg3 Qxg3+ 29. hxg3 1-0

[Event "Montcalm V 2013-14"]
[Site "Quebec CAN"]
[Date "2014.03.06"]
[Round "4"]
[White "Lessard, Claude"]
[Black "Dube, Daniel"]
[Result "1-0"]
[WhiteElo "2061"]
[BlackElo "1801"]
[PlyCount "143"]
[EventDate "2014.02.13"]
[EventType "swiss"]
[EventRounds "5"]
[EventCountry "CAN"]

1. Nf3 e6 2. g3 f5 3. c4 Nf6 4. Bg2 Be7 5. O-O O-O 6. d4 d6 7. Nbd2 Qe8 8. Qc2
Qg6 9. Re1 Ne4 10. d5 Nxd2 11. Bxd2 e5 12. c5 Na6 13. cxd6 cxd6 14. b4 Bd7 15.
Rac1 Bf6 16. Bc3 Rfc8 17. Qb3 Rc7 18. Bb2 Rac8 19. Rxc7 Rxc7 20. Nd2 e4 21. e3
Bxb2 22. Qxb2 Qf7 23. Qd4 b5 24. Bf1 g6 25. Nb3 Qg7 26. a3 Be8 27. Qxg7+ Rxg7
28. Nd4 Nc7 29. Rc1 Nxd5 30. Rc8 Kf7 31. Bxb5 Bxb5 32. Nxb5 Ke6 33. Nd4+ Kd7
34. Ra8 Re7 35. Rxa7+ Kc8 36. Ra6 Rd7 37. Nb5 Kb7 38. Rxd6 Rxd6 39. Nxd6+ Kc6
40. Nf7 Kb5 41. Ng5 h5 42. h4 Ka4 43. Nf7 Kxa3 44. Ne5 Kxb4 45. Nxg6 Kc4 46.
Ne5+ Kc3 47. Nc6 Kd2 48. Nd4 Ne7 49. Ne6 Nd5 50. Ng7 Nf6 51. Kf1 Kd1 52. Nxf5
Kd2 53. Nd4 Ng4 54. Ne6 Nh2+ 55. Kg2 Ng4 56. Nf4 Nf6 57. Kf1 Kd1 58. Nh3 Kd2
59. Ng5 Kd1 60. f3 exf3 61. Kf2 Kd2 62. Kxf3 Kd3 63. Ne6 Ng4 64. Nf4+ Kd2 65.
Nd5 Kd3 66. Kf4 Kc4 67. e4 Kd4 68. Ne7 Nf6 69. e5 Nd7 70. e6 Nf8 71. Kf5 Ke3
72. Nd5+ 1-0

[Event "Montcalm V 2013-14"]
[Site "Quebec CAN"]
[Date "2014.03.06"]
[Round "4"]
[White "Marquis, Paul"]
[Black "Ripoll, Arthur"]
[Result "1-0"]
[WhiteElo "2009"]
[BlackElo "1689"]
[PlyCount "75"]
[EventDate "2014.02.13"]
[EventType "swiss"]
[EventRounds "5"]
[EventCountry "CAN"]

1. c4 Nf6 2. Nc3 e6 3. e4 e5 4. Nf3 d6 5. d4 Bg4 6. dxe5 Bxf3 7. Qxf3 dxe5 8.
Bg5 Bb4 9. Rd1 Qe7 10. Be2 Nc6 11. O-O Bxc3 12. bxc3 Nd8 13. Qd3 Ne6 14. Bxf6
gxf6 15. g3 O-O 16. Bg4 Nc5 17. Qe3 Kh8 18. Bf5 Rg8 19. Rd5 b6 20. Qh6 Rg7 21.
Rfd1 Rb8 22. g4 Rbg8 23. h3 Rf8 24. f3 Rfg8 25. h4 a6 26. Kh2 a5 27. h5 Rf8 28.
Kg2 Rfg8 29. Rd7 Nxd7 30. Rxd7 Qc5 31. Qxf6 Qxc4 32. Rd2 Qxc3 33. Rf2 Qd4 34.
h6 c5 35. hxg7+ Rxg7 36. Qh6 Qd8 37. Rd2 Qc7 38. Qf6 1-0

[Event "Montcalm V 2013-14"]
[Site "Quebec CAN"]
[Date "2014.03.06"]
[Round "4"]
[White "Sarra-Bournet, Marc"]
[Black "Bonneau, Daniel"]
[Result "1-0"]
[WhiteElo "2026"]
[BlackElo "1827"]
[PlyCount "51"]
[EventDate "2014.02.13"]
[EventType "swiss"]
[EventRounds "5"]
[EventCountry "CAN"]

1. e4 e6 2. d4 d5 3. Nd2 c5 4. c3 cxd4 5. cxd4 dxe4 6. Nxe4 Nc6 7. Nf3 Be7 8.
Bd3 Nf6 9. O-O O-O 10. Nxf6+ Bxf6 11. Be3 Nb4 12. Be4 Nd5 13. Qd3 g6 14. Bh6
Bg7 15. Qd2 b6 16. Rac1 Bb7 17. Rfe1 Qd6 18. Ne5 Rfc8 19. Bxg7 Kxg7 20. Qh6+
Kg8 21. Nxf7 Rxc1 22. Rxc1 Kxf7 23. Qxh7+ Ke8 24. Qxb7 Rb8 25. Bxg6+ Kd8 26.
Qf7 1-0

[Event "Montcalm V 2013-14"]
[Site "Quebec CAN"]
[Date "2014.03.13"]
[Round "5"]
[White "Auger, Bertrand"]
[Black "Sarra-Bournet, Marc"]
[Result "0-1"]
[WhiteElo "1932"]
[BlackElo "1839"]
[PlyCount "138"]
[EventDate "2014.02.13"]
[EventType "swiss"]
[EventRounds "5"]
[EventCountry "CAN"]

1. Nf3 d5 2. g3 Nf6 3. c4 e6 4. Bg2 Be7 5. O-O O-O 6. d4 c5 7. cxd5 exd5 8. Nc3
Nc6 9. dxc5 Bxc5 10. Na4 Be7 11. Be3 Bf5 12. Nd4 Nxd4 13. Bxd4 Ne4 14. f3 Ng5
15. Rc1 Nh3+ 16. Kh1 Ng5 17. Qb3 Ne6 18. Bg1 b6 19. Rfd1 d4 20. e3 Nc5 21. Nxc5
bxc5 22. exd4 Rb8 23. Qc3 Be6 24. b3 cxd4 25. Bxd4 Rc8 26. Qb2 Rxc1 27. Qxc1
Qa5 28. Qa1 Rd8 29. Rf1 Bf8 30. Qb2 Rc8 31. b4 Qa4 32. Bc5 Bxc5 33. bxc5 Rxc5
34. h4 Qxa2 35. Qb8+ Rc8 36. Qe5 Qd5 37. Qxd5 Bxd5 38. Ra1 Rc7 39. g4 Kf8 40.
Kh2 Ke7 41. Kg3 Kd7 42. Kf4 Ke8 43. Ke5 Ba8 44. Ra3 Kd7 45. Rb3 Rc8 46. g5 Rc5+
47. Kd4 Rd5+ 48. Kc4 Rd2 49. Bh3+ Kc7 50. Ra3 Bd5+ 51. Kc5 Bb7 52. Kb4 Kb6 53.
Bf1 Rc2 54. f4 a5+ 55. Ka4 Be4 56. g6 Bd5 57. gxf7 Bxf7 58. Bd3 Rf2 59. Be2 Rh2
60. Re3 Rh1 61. Rg3 Rxh4 62. Ka3 h5 63. Bd3 Rxf4 64. Be2 h4 65. Re3 Bh5 66.
Rb3+ Kc5 67. Re3 Bf3 68. Re5+ Kd4 69. Bxf3 Rxf3+ 0-1

[Event "Montcalm V 2013-14"]
[Site "Quebec CAN"]
[Date "2014.03.13"]
[Round "5"]
[White "Biakolo, Lima"]
[Black "Lessard, Claude"]
[Result "0-1"]
[WhiteElo "2011"]
[BlackElo "2080"]
[PlyCount "76"]
[EventDate "2014.02.13"]
[EventType "swiss"]
[EventRounds "5"]
[EventCountry "CAN"]

1. e4 c5 2. Nf3 d6 3. d4 cxd4 4. Nxd4 Nf6 5. Nc3 a6 6. a4 e5 7. Nb3 Be6 8. Be2
Nbd7 9. O-O Rc8 10. Be3 Be7 11. a5 O-O 12. f3 Qc7 13. Qd2 h6 14. Bd3 Nh7 15. g4
Nc5 16. Nxc5 dxc5 17. Nd5 Bxd5 18. exd5 c4 19. Be4 Ng5 20. Kg2 Nxe4 21. fxe4 c3
22. bxc3 Qxc3 23. Rfc1 Qc7 24. c4 Qd7 25. h3 Bc5 26. Rc2 h5 27. Kg3 Qd6 28. Rb1
Qg6 29. Qd3 Bxe3 30. Qxe3 hxg4 31. hxg4 f5 32. exf5 Rxf5 33. Qe4 Rcf8 34. Re2
Rf3+ 35. Kg2 Qf6 36. Qxe5 Qh4 37. Qe6+ Kh8 38. Rh1 Rg3# 0-1

[Event "Montcalm V 2013-14"]
[Site "Quebec CAN"]
[Date "2014.03.13"]
[Round "5"]
[White "Cummins, Paul"]
[Black "Oliver, Vance"]
[Result "1-0"]
[WhiteElo "1821"]
[BlackElo "1625"]
[PlyCount "57"]
[EventDate "2014.02.13"]
[EventType "swiss"]
[EventRounds "5"]
[EventCountry "CAN"]

1. e4 d6 2. d4 Nf6 3. f3 g6 4. Be3 c6 5. Qd2 h5 6. Nc3 b5 7. Bd3 Nbd7 8. Bg5
Bg7 9. Rd1 Nb6 10. e5 Nfd5 11. exd6 Qxd6 12. Ne4 Qb4 13. c3 Qa5 14. Ne2 Nc4 15.
Bxc4 bxc4 16. O-O f6 17. Bh4 Bh6 18. f4 Nxf4 19. Nxf4 g5 20. Qe2 gxh4 21. Nd6+
Kd7 22. Qe6+ Kc7 23. Qxe7+ Kb8 24. Ne6 Be3+ 25. Kh1 a6 26. Nxc4 h3 27. Nxa5
hxg2+ 28. Kxg2 Rg8+ 29. Kf3 1-0

[Event "Montcalm V 2013-14"]
[Site "Quebec CAN"]
[Date "2014.03.13"]
[Round "5"]
[White "Lapierre, Gaetan"]
[Black "Marquis, Paul"]
[Result "1/2-1/2"]
[WhiteElo "1947"]
[BlackElo "2047"]
[PlyCount "74"]
[EventDate "2014.02.13"]
[EventType "swiss"]
[EventRounds "5"]
[EventCountry "CAN"]

1. e4 e6 2. d4 d5 3. e5 c5 4. c3 Nc6 5. Be3 Qb6 6. Qd2 cxd4 7. cxd4 Bd7 8. Nf3
Rc8 9. Be2 Bb4 10. Nc3 Na5 11. O-O Bxc3 12. bxc3 Qc7 13. Rfc1 Ne7 14. Rab1 Nc4
15. Qd1 b6 16. Bg5 h6 17. Bxe7 Kxe7 18. Nd2 Qb7 19. Nxc4 dxc4 20. Bf3 Bc6 21.
Bxc6 Qxc6 22. Qe2 Rhd8 23. Rf1 Rc7 24. f4 g6 25. h3 h5 26. Kf2 Kd7 27. g3 Kc8
28. Ke3 Rh8 29. Rf2 Qd5 30. Qb2 Rb7 31. Qb5 Qxb5 32. Rxb5 a6 33. Rb4 b5 34. a4
Kc7 35. Ke4 Kc6 36. axb5+ axb5 37. Ra2 Rhb8 1/2-1/2

[Event "Montcalm V 2013-14"]
[Site "Quebec CAN"]
[Date "2014.03.13"]
[Round "5"]
[White "Ripoll, Arthur"]
[Black "Bourassa, Andre"]
[Result "1-0"]
[WhiteElo "1689"]
[BlackElo "1752"]
[PlyCount "69"]
[EventDate "2014.02.13"]
[EventType "swiss"]
[EventRounds "5"]
[EventCountry "CAN"]

1. e4 c5 2. Nf3 d6 3. d4 cxd4 4. Nxd4 Nf6 5. Nc3 a6 6. f3 e6 7. Be3 Be7 8. Qd2
O-O 9. g4 Nc6 10. g5 Nxd4 11. Bxd4 Nh5 12. Be3 b5 13. Bh3 g6 14. Bg4 Ng7 15. f4
Bb7 16. Bf3 Rc8 17. h4 f6 18. O-O-O Qa5 19. Kb1 f5 20. Qf2 Rxc3 21. bxc3 fxe4
22. Bg2 Qxc3 23. Bd4 Qb4+ 24. Ka1 e5 25. Be3 Qc3+ 26. Kb1 exf4 27. Bd4 Qb4+ 28.
Bb2 Ne6 29. Bh3 Nc5 30. Rd4 Qa5 31. Rxe4 Na4 32. Qd4 Nxb2 33. Rxe7 Rf7 34. Re8+
Rf8 35. Be6# 1-0

[Event "Montcalm VI 2013-14"]
[Site "Quebec CAN"]
[Date "2014.03.20"]
[Round "1"]
[White "Bluteau, Yvon"]
[Black "Dube, Daniel"]
[Result "1/2-1/2"]
[WhiteElo "1790"]
[BlackElo "1833"]
[PlyCount "128"]
[EventDate "2014.03.20"]
[EventType "swiss"]
[EventRounds "5"]
[EventCountry "CAN"]

1. d4 Nf6 2. c4 e6 3. Nf3 Bb4+ 4. Bd2 Qe7 5. Nc3 c5 6. a3 Bxc3 7. Bxc3 b6 8. g3
Bb7 9. Bg2 O-O 10. O-O d6 11. Rc1 Nbd7 12. Nh4 Bxg2 13. Nxg2 e5 14. dxe5 dxe5
15. Ne3 Qe6 16. Qc2 e4 17. Kg2 Ne5 18. Bxe5 Qxe5 19. Rcd1 Rad8 20. Qc3 Qh5 21.
Rxd8 Rxd8 22. Rd1 Rd4 23. Qc2 Qe5 24. b3 g6 25. h3 Qd6 26. Re1 Rd2 27. Rd1 Rxd1
28. Qxd1 Qd4 29. Qxd4 cxd4 30. Nc2 d3 31. exd3 exd3 32. Ne3 Ne4 33. Nd1 f5 34.
f3 Nc5 35. b4 Ne6 36. f4 Kf7 37. Kf3 g5 38. Ke3 gxf4+ 39. gxf4 Kg6 40. a4 Kh5
41. Kxd3 Kh4 42. Ne3 Nxf4+ 43. Kd4 Ne6+ 44. Ke5 Nc7 45. Nxf5+ Kxh3 46. c5 bxc5
47. bxc5 h5 48. Kd6 Na6 49. c6 Kg4 50. Ne3+ Kf4 51. Nf1 Ke4 52. c7 Nxc7 53.
Kxc7 Kd5 54. a5 Kc5 55. a6 h4 56. Kb7 Kd6 57. Kxa7 Kc7 58. Ka8 h3 59. Nh2 Kc8
60. Ka7 Kc7 61. Nf3 Kc8 62. Kb6 Kb8 63. Nh2 Ka8 64. Ng4 Kb8 1/2-1/2